[Event "5th Shenzhen Longgang"]
[Site "Shenzhen CHN"]
[Date "2024.03.02"]
[Round "3.2"]
[White "Giri, A.."]
[Black "Erigaisi, Arjun"]
[Result "0-1"]
[WhiteElo "2762"]
[BlackElo "2738"]
[PlyCount "78"]
[EventDate "2024.02.29"]

1. d4 Nf6 2. c4 e6 3. Nc3 Bb4 4. e3 O-O 5. Bd2 d5 6. a3 Bxc3 7. Bxc3 b6 ({RR} 7... Ne4 8. Qc2 Nxc3 9. Qxc3 Nd7 10. Rc1 c6 11. Nf3 Qe7 12. Qc2 h6 13. cxd5 exd5 14. Bd3 a5 15. O-O Re8 16. h3 Qd6 17. Bh7+ Kh8 18. Bf5 Nf6 19. Ne5 Kg8 20. Bd3 Qe7 21. f4 Nd7 22. Rce1 {Chiku-Ratte,O (2314)-Masse,H (2082) Laval Quebec CAN 2024 1-0 (36)}) 8. Nf3 Ne4 ({RR} 8... dxc4 9. Bxc4 Bb7 10. b3 Nbd7 11. O-O Ne4 12. Bb2 Ng5 13. Nd2 Ne4 14. Nxe4 Bxe4 15. f3 Bb7 16. e4 Qe7 17. Rc1 Rad8 18. Qc2 c5 19. dxc5 Qxc5+ 20. Qf2 Qxf2+ 21. Kxf2 Nb8 22. Ke3 a6 23. Bd4 {Van Foreest,L (2571)-Ohanyan,E (2385) Kragero NOR 2023 1-0 (40)}) 9. Qc2 Ba6 $146 ({RR} 9... Nc6 10. Bd3 Ba6 11. Bxe4 dxe4 12. Qxe4 Qd7 13. Ne5 Nxe5 14. Qxe5 f6 15. Qe4 Bxc4 16. f3 Qd5 17. Qxd5 exd5 18. O-O-O Bb3 19. Rdg1 Rfe8 20. Bd2 Rac8 21. Re1 c5 22. dxc5 Rxc5+ 23. Bc3 a5 24. Kd2 {Lytzen,L (1075)-Andersen,S (1167) Skorping 2014 ½-½ (44)}) 10. Bd3 Nd7 11. Bxe4 dxe4 12. Nd2 f5 13. O-O-O Bb7 14. f4 Nf6 15. Rhg1 b5 16. d5 exd5 17. g4 fxg4 18. cxb5 c5 19. bxc6 Bxc6 20. Nc4 Rc8 21. Ne5 Bd7 22. Kb1 Bf5 23. Qd2 Qb6 24. Bd4 Qb7 25. h3 gxh3 26. Rg5 Ne8 27. Rdg1 Rc7 28. Ng4 Qa6 29. Qh2 Bxg4 30. R5xg4 Nf6 31. R4g3 Rfc8 32. f5 h5 33. Qxh3 Rc1+ 34. Rxc1 Qd3+ 35. Ka2 Rxc1 36. Rxg7+ Kf8 37. a4 Qd1 38. b3 Rc2+ 39. Ka3 a5 0-1

[Event "FIDE World Cup"]
[Site "Tromsoe"]
[Date "2013.08.19"]
[Round "3.4"]
[White "Giri, Anish"]
[Black "Granda Zuniga, Julio E"]
[Result "1/2-1/2"]
[WhiteElo "2737"]
[BlackElo "2664"]
[PlyCount "109"]
[EventDate "2013.08.11"]
[EventType "k.o."]
[EventRounds "7"]
[EventCountry "NOR"]
[SourceTitle "CBM 156"]
[Source "ChessBase"]
[SourceDate "2013.09.17"]
[SourceVersion "1"]
[SourceVersionDate "2013.09.17"]
[SourceQuality "1"]

1. d4 Nf6 2. c4 e6 3. Nc3 Bb4 4. Qc2 d5 5. cxd5 Qxd5 6. Nf3 Qf5 7. Qb3 Nc6 8. Bd2 O-O 9. h3 Bxc3 ({RR} 9... a5 10. g4 Qg6 11. a3 a4 12. Qc4 Bxc3 13. Bxc3 Nd5 14. Bd2 f6 15. Rc1 Bd7 16. Qc2 Qxc2 17. Rxc2 Be8 18. e3 Bg6 19. Rc5 Be4 20. Be2 e5 21. O-O exd4 22. Nxd4 Nxd4 23. exd4 c6 24. Re1 {Kasparov,G (2812)-Karjakin,S (2773) Saint Louis 2017 ½-½ (44)}) ({RR} 9... Rd8 10. a3 Ba5 11. g4 Qg6 12. e3 Ne4 13. Bd3 Nc5 14. dxc5 Qxd3 15. O-O-O Bd7 16. Be1 Qa6 17. Qc2 Bxc3 18. Bxc3 Ne7 19. Qe4 Ba4 20. Rd4 Bb3 21. Re1 Ng6 22. Rxd8+ Rxd8 23. Nd2 Bd5 24. Qc2 {Gong,S (2407)-Dong,H (2238) Ji'an CHN 2025 ½-½ (36)}) 10. Bxc3 b6 11. g4 Qd5 12. Bg2 $146 ({RR} 12. Qc2 Bb7 13. Bg2 Qd6 14. Rd1 Nb4 15. Qb3 a5 16. Nh4 Bd5 17. Bxd5 Nfxd5 18. a3 Qc6 19. Bxb4 axb4 20. O-O bxa3 21. bxa3 Ra4 22. Rc1 Qa8 23. e3 Rxa3 24. Qc2 b5 25. Ng2 b4 26. Qc5 b3 {Vallejo Pons,F (2695)-Harikrishna,P (2725) St Petersburg 2018 0-1 (39)}) 12... Qxb3 13. axb3 Bb7 14. O-O Rfc8 15. Rfc1 Ne7 16. b4 Ne8 17. b5 Ng6 18. Bb4 Nf4 19. Bf1 Nd3 20. exd3 Bxf3 21. Be7 f6 22. Ra4 Kf7 23. Ba3 Rd8 24. Kh2 Rd7 25. Kg3 Bb7 26. Kf4 a6 27. bxa6 Rxa6 28. Rxa6 Bxa6 29. Ke3 Bb7 30. Be2 Bd5 31. Bb4 Rd8 32. h4 Ra8 33. f4 c6 34. h5 Nc7 35. g5 Nb5 36. h6 g6 37. Bd1 f5 38. Be1 Ke8 39. Bb4 Kd7 40. Bc2 Nc7 41. Kd2 Nb5 42. Bc3 Nc7 43. Bd1 Nb5 44. Kc2 Nc7 45. Kd2 Nb5 46. Be2 Nc7 47. Ke3 Nb5 48. Bd1 Nc7 49. Bd2 Nb5 50. b3 Nc7 51. Rc4 Ra1 52. Be2 b5 53. Rc1 Rxc1 54. Bxc1 Bxb3 55. Bf3 1/2-1/2

[Event "WR Chess Masters 2023"]
[Site "Dusseldorf GER"]
[Date "2023.02.16"]
[Round "1.3"]
[White "Giri, A.."]
[Black "Gukesh, D.."]
[Result "1/2-1/2"]
[WhiteElo "2780"]
[BlackElo "2718"]
[PlyCount "164"]
[EventDate "2023.02.16"]

1. d4 d5 2. c4 e6 3. Nc3 Bb4 4. e3 Nf6 5. a3 Bxc3+ 6. bxc3 c6 7. Bd3 O-O ({RR} 7... Qc7 8. Nf3 O-O 9. O-O b6 10. a4 Ba6 11. Ba3 Rd8 12. Rc1 c5 13. cxd5 exd5 14. Bxa6 Nxa6 15. Qe2 c4 16. Nd2 Re8 17. f3 Qc6 18. e4 Qxa4 19. Ra1 Qc6 20. e5 Nc7 21. Qd1 Nd7 22. f4 {Salem,A (2690)-Maghsoodloo,P (2706) Dubai 2021 0-1 (59)}) 8. Ne2 e5 $146 ({RR} 8... b6 9. cxd5 cxd5 10. f3 Ba6 11. Bxa6 Nxa6 12. Qd3 Nc7 13. O-O Nd7 14. e4 dxe4 15. fxe4 Nc5 16. Qf3 Nb3 17. Bf4 Nxa1 18. Rxa1 Nb5 19. a4 Nd6 20. Ng3 Nc4 21. Nh5 Qh4 22. g3 Qh3 23. Bg5 {Gonzalez,F (2021)-Melikhov,E (2269) chess.com INT 2023 0-1 (32)}) ({RR} 8... b6 9. cxd5 cxd5 10. f3 Ba6 11. O-O Bxd3 12. Qxd3 Nc6 13. e4 h6 14. e5 Nh7 15. f4 f5 16. g4 Ne7 17. h3 Rf7 18. a4 Kh8 19. Kh2 Qd7 20. Ba3 Rg8 21. a5 bxa5 22. Bc5 g5 23. Rxa5 {Wojtaszek,R (2655)-Bartel,M (2601) Krakow POL 2025 1-0 (41)}) 9. dxe5 Ng4 10. cxd5 Nxe5 11. e4 f5 12. O-O Nxd3 13. Qxd3 fxe4 14. Qxe4 cxd5 15. Qd3 Bf5 16. Qg3 Nc6 17. Be3 Qe8 18. Rad1 Qf7 19. Rd2 Rad8 20. Rfd1 Rd7 21. Nd4 Bg6 22. Nxc6 bxc6 23. c4 Bh5 24. f3 Re8 25. Bf2 Bg6 26. cxd5 cxd5 27. h3 h6 28. Rc1 Kh7 29. Bd4 Bf5 30. Kh2 Re6 31. Rc8 Re8 32. Rxe8 Qxe8 33. Rb2 Qg6 34. Qe5 Bd3 35. a4 Bc4 36. a5 Qf7 37. Rb8 Re7 38. Qg3 Rb7 39. Rc8 a6 40. Qd6 Qe7 41. Qc6 Qf7 42. Qd6 Qe7 43. Qxe7 Rxe7 44. g4 Rf7 45. Kg3 g5 46. Rh8+ Kg6 47. Re8 Kh7 48. Re6 Bb5 49. Be5 Rd7 50. Bd4 Rf7 51. Re3 Kg6 52. Re5 Bc4 53. Re6+ Kh7 54. Re3 Kg6 55. h4 gxh4+ 56. Kxh4 Rf4 57. Be5 d4 58. Ra3 Rf7 59. Bxd4 Bd5 60. Kg3 h5 61. Rc3 hxg4 62. fxg4 Rd7 63. Be3 Kf6 64. Rc1 Ke6 65. Bb6 Rf7 66. Re1+ Kd6 67. Kh4 Be6 68. Kg5 Rf3 69. Rd1+ Kc6 70. Rc1+ Kd5 71. Rc5+ Kd6 72. Rc2 Kd5 73. Rd2+ Kc6 74. Re2 Kd7 75. Rd2+ Kc6 76. Rc2+ Kd5 77. Bc7 Rf8 78. Rd2+ Kc4 79. Rd6 Rg8+ 80. Kf6 Bxg4 81. Rxa6 Rc8 82. Ra7 Kb5 1/2-1/2

[Event "Gashimov Memorial 5th"]
[Site "Shamkir"]
[Date "2018.04.19"]
[Round "1"]
[White "Giri, Anish"]
[Black "Karjakin, Sergey"]
[Result "1/2-1/2"]
[WhiteElo "2777"]
[BlackElo "2778"]
[PlyCount "53"]
[EventDate "2018.04.19"]
[EventType "tourn"]
[EventRounds "9"]
[EventCountry "AZE"]
[EventCategory "21"]
[SourceTitle "CBM 184"]
[Source "ChessBase"]
[SourceDate "2018.05.16"]
[SourceVersion "1"]
[SourceVersionDate "2018.05.16"]
[SourceQuality "1"]

1. d4 Nf6 2. c4 e6 3. Nc3 Bb4 4. Qc2 d5 5. cxd5 exd5 6. Bg5 h6 7. Bh4 c5 8. dxc5 g5 9. Bg3 Ne4 10. e3 Nc6 11. Bd3 Nxg3 12. hxg3 d4 13. exd4 Qxd4 14. Nf3 Qxc5 15. O-O Be6 $146 ({RR} 15... O-O) 16. Rfc1 g4 17. Ne1 O-O-O 18. Be4 Kb8 19. Nd3 Qc4 20. Qe2 Qa6 21. Nxb4 Nxb4 22. Qe3 Qb6 23. Qf4+ Qd6 24. Qe3 Qd4 25. Qf4+ Qd6 26. Qe3 Qd4 27. Qf4+ 1/2-1/2

[Event "Chessable Masters Div 2 L"]
[Site "chess.com INT"]
[Date "2023.04.04"]
[Round "4.2"]
[White "Giri, A.."]
[Black "Lazavik, Denis"]
[Result "1-0"]
[WhiteElo "2768"]
[BlackElo "2544"]
[PlyCount "51"]
[EventDate "2023.04.04"]
[EventType "k.o."]

1. d4 Nf6 2. c4 e6 3. Nc3 Bb4 4. f3 d5 5. a3 Bxc3+ 6. bxc3 c5 7. cxd5 Nxd5 8. dxc5 Qa5 9. e4 Nf6 10. Be3 O-O 11. h4 ({RR} 11. a4 Nfd7 12. Kf2 Nxc5 13. Qd6 b6 14. Bb5 Bd7 15. Ne2 Bxb5 16. Bxc5 bxc5 17. Qxc5 Nd7 18. Qxb5 Qc7 19. Rhd1 Ne5 20. f4 Ng4+ 21. Kf3 Nf6 22. Qe5 Qe7 23. Rd4 Rac8 24. Rb1 Rfd8 25. Rxd8+ Qxd8 {Caruana,F (2835)-Carlsen,M (2863) chess24.com INT 2020 0-1 (50)}) ({RR} 11. Kf2 Nfd7 12. a4 Nxc5 13. Bb5 Qc7 14. a5 Rd8 15. Qc2 e5 16. h4 Be6 17. Nh3 f6 18. g4 Nbd7 19. Kg2 a6 20. Be2 Nb3 21. Rag1 Nd4 22. Qb2 Nxe2 23. Qxe2 Qxc3 24. g5 Qxa5 25. h5 Qa2 {Salem,A (2677)-Lazavik,D (2541) chess.com INT 2023 0-1 (52)}) 11... Nfd7 ({RR} 11... Nbd7 12. Qd4 e5 13. Qb4 Qc7 14. Ne2 b6 15. cxb6 axb6 16. Nc1 Ba6 17. Bxa6 Rxa6 18. O-O Rc8 19. Ne2 Qc4 20. Kf2 Ra4 21. Qxc4 Raxc4 22. Rfb1 R4c6 23. Rb5 Ne8 24. Rd1 R8c7 25. Rbd5 Nef6 26. Rxe5 {Bashylina,L (2175)-Katkov,M (2063) Eforie Nord ROU 2025 1-0 (75)}) 12. h5 h6 13. g4 Nxc5 $146 ({RR} 13... f6 14. Qb3 Na6 15. Qxe6+ Kh8 16. Bd4 Ndxc5 17. Qe7 Bxg4 18. Bxa6 Nxa6 19. fxg4 Rfe8 20. Qf7 Rxe4+ 21. Kf2 Rae8 22. Nf3 Re2+ 23. Kg1 Qb5 24. Rf1 R8e4 25. Rh4 Qc6 26. g5 Qd6 27. Ne5 Rxe5 28. Bxe5 {Mikhalevski,V (2511)-Keleberda,T (2245) Toronto CAN 2023 1-0}) 14. g5 Rd8 15. Qc2 hxg5 16. h6 g6 17. h7+ Kh8 18. Nh3 Nbd7 19. Nxg5 Rf8 20. f4 f6 21. Nf3 Qa4 22. Qxa4 Nxa4 23. e5 fxe5 24. Nxe5 Nxe5 25. Bd4 Rf5 26. Bd3 1-0

[Event "Beijing FIDE GP"]
[Site "Beijing"]
[Date "2013.07.07"]
[Round "4"]
[White "Giri, Anish"]
[Black "Leko, Peter"]
[Result "1/2-1/2"]
[WhiteElo "2734"]
[BlackElo "2737"]
[PlyCount "50"]
[EventDate "2013.07.04"]
[EventType "tourn"]
[EventRounds "11"]
[EventCountry "CHN"]
[EventCategory "21"]
[SourceTitle "CBM 156"]
[Source "ChessBase"]
[SourceDate "2013.09.17"]
[SourceVersion "1"]
[SourceVersionDate "2013.09.17"]
[SourceQuality "1"]

1. d4 Nf6 2. c4 e6 3. Nc3 Bb4 4. e3 O-O 5. Nge2 d5 6. a3 Be7 7. cxd5 exd5 8. b4 c6 9. Ng3 Re8 10. Bd3 Nbd7 11. O-O Nb6 ({RR} 11... Nf8 12. f3 a5 13. Rb1 axb4 14. axb4 Ne6 15. Nce2 Ra2 16. Qb3 Ra7 17. Kh1 h5 18. e4 dxe4 19. fxe4 Nxd4 20. Nxd4 Qxd4 21. Bc4 Qd8 22. Bxf7+ Kh8 23. Be3 b6 24. Rbd1 Rd7 25. Bxe8 Qxe8 26. Bxb6 {Bouget,A (2268)-Raja,H (2498) chess.com INT 2023 1-0 (44)}) 12. Qc2 ({RR} 12. Rb1 a6 13. a4 Be6 14. a5 Nc8 15. Na4 Nd6 16. Nc5 Bc8 17. Bb2 Bf8 18. Re1 g6 19. f3 Nb5 20. Bxb5 axb5 21. e4 Bg7 22. e5 Nd7 23. Nd3 Nf8 24. Bc1 h5 25. Be3 h4 26. Nh1 Bf5 {Navara,D (2672)-Kramnik,V (2788) Prague 2008 ½-½ (68)}) 12... a5 $146 ({RR} 12... Be6 13. Nce2 Qd7 14. Nf4 a5 15. Nxe6 fxe6 16. Bd2 axb4 17. axb4 Bd6 18. f4 Qe7 19. Qb3 Rxa1 20. Rxa1 Ra8 21. Rxa8+ Nxa8 22. Qa3 Nb6 23. Qb3 Qe8 24. h3 Qe7 25. Nf1 Qe8 26. Nh2 Qa8 27. e4 {Abhishek,A (1933)-Ramaswamy,A (2148) Chennai 2012 ½-½ (43)}) 13. b5 c5 14. dxc5 Bxc5 15. Bb2 Bd6 16. Nce2 g6 17. Rad1 Bd7 18. Qb1 Na4 19. Ba1 Be5 20. Rc1 Qe7 21. Bxe5 Qxe5 22. Qc2 Nb6 23. Qc5 Na4 24. Qc2 Nb6 25. Qc5 Na4 1/2-1/2

[Event "Tata Steel-A 75th"]
[Site "Wijk aan Zee"]
[Date "2013.01.15"]
[Round "4"]
[White "Giri, Anish"]
[Black "Leko, Peter"]
[Result "1/2-1/2"]
[WhiteElo "2720"]
[BlackElo "2735"]
[PlyCount "64"]
[EventDate "2013.01.12"]
[EventType "tourn"]
[EventRounds "13"]
[EventCountry "NED"]
[EventCategory "20"]
[SourceTitle "CBM 153"]
[Source "ChessBase"]
[SourceDate "2013.03.14"]
[SourceVersion "1"]
[SourceVersionDate "2013.03.14"]
[SourceQuality "1"]

1. d4 {ChessBase Website} Nf6 2. c4 e6 3. Nc3 Bb4 4. Qc2 O-O 5. Nf3 d5 6. a3 Bxc3+ 7. Qxc3 dxc4 8. Qxc4 b6 9. Bg5 Ba6 10. Qa4 Qd7 11. Qxd7 Nbxd7 12. Rc1 ({RR} 12. Bxf6 Nxf6 13. e3 Bb7 14. Rc1 Rac8 ({RR} 14... c5 15. dxc5 Rac8 16. Bb5 Rxc5 17. Rxc5 bxc5 18. Ke2 Rb8 19. Rd1 Bd5 20. a4 Ne4 21. Nd2 Nd6 22. e4 Ba8 23. f3 Kf8 24. Nb3 Nxb5 25. axb5 Rxb5 26. Rd8+ Ke7 27. Rxa8 Rxb3 28. Rxa7+ Kf6 29. Ra2) 15. Ne5 Rfd8 16. f3 c5 17. dxc5 Nd7 18. Nxd7 Rxd7 19. e4 Kf8 20. b4 bxc5 21. Bb5 Rdc7 22. Kd2 cxb4 23. axb4 Rxc1 24. Rxc1 Rxc1 25. Kxc1 e5 26. Kd2 Ke7 {Mamedyarov,S (2757)-Kramnik,V (2787) Khanty-Mansiysk 2014 CBM 160 [ChessBase Website] ½-½}) ({RR} 12. Ne5 c5 13. Bxf6 Nxf6 14. dxc5 bxc5 15. e3 Bxf1 16. Rxf1 Rfd8 17. Rc1 Rd5 18. Nc4 Nd7 19. Ke2 Nb6 20. Nd2 Rb8 21. e4 Rh5 22. g4 Rg5 23. b3 h5 24. h3 hxg4 25. hxg4 Nd7 26. Rg1 Rg6 {Urkedal,F (2536)-Jumabayev,R (2598) Fagernes NOR 2024 ½-½ (36)}) ({RR} 12. Bxf6 Nxf6 13. Rc1 Rac8 14. e3 Bb7 15. Bb5 c6 16. Bd3 c5 17. dxc5 Bxf3 18. gxf3 Rxc5 19. Rxc5 bxc5 20. Kd2 Rb8 21. Kc2 Kf8 22. Rg1 g6 23. Rg5 Nd7 24. Be2 Ke7 25. Rg1 Nb6 26. b3 Nc8 {Seirawan,Y (2620)-Leko,P (2707) Berlin 2015 ½-½}) 12... Rfc8 $146 ({RR} 12... c5 13. Bxf6 gxf6 14. e3 Bb7 15. Bb5 Rfd8 16. Ke2 Bxf3+ 17. Kxf3 cxd4 18. exd4 Nf8 19. Rhd1 Ng6 20. Rc7 Rd6 21. Ba6 Kg7 22. g4 b5 23. Bc8 a6 24. Ke4 Kf8 25. Bb7 Rad8 26. Rc6 Rxc6 27. Bxc6 {Howell,D (2689)-Jumabayev,R (2605) Douglas 2018 0-1 (65)}) ({RR} 12... Ne4 13. Rxc7 Rfc8 14. Rxd7 Bb5 15. Re7 Kf8 16. Rb7 Ba6 17. Rd7 Bb5 18. Rb7 Bc6 19. Rxf7+ Kxf7 20. Ne5+ Kg8 21. Be3 Bb5 22. f3 Nf6 23. Bd2 Rc2 24. b3 Rb2 25. a4 Be8 26. g3 Rxb3 27. Bh3 {Lenderman,A (2621)-Nakamura,H (2787) Chess.com INT 2016 0-1}) 13. e3 Bb7 14. Be2 Ne4 15. Bh4 c5 16. O-O cxd4 17. Nxd4 g5 18. Bg3 Nxg3 19. hxg3 a6 20. f3 Rxc1 21. Rxc1 Rc8 22. Rxc8+ Bxc8 23. Kf2 Kg7 24. g4 Bb7 25. e4 Kf8 26. Ke3 Nf6 27. b4 Ke7 28. Nb3 h5 29. gxh5 Nxh5 30. Nd2 f6 31. a4 Kd6 32. Bc4 Nf4 1/2-1/2

[Event "Olympiad-44"]
[Site "Chennai"]
[Date "2022.08.07"]
[Round "9.1"]
[White "Giri, Anish"]
[Black "Maghsoodloo, Parham"]
[Result "1/2-1/2"]
[WhiteElo "2760"]
[BlackElo "2701"]
[PlyCount "154"]
[EventDate "2022.07.29"]
[EventType "team-swiss"]
[EventRounds "11"]
[EventCountry "IND"]
[SourceTitle "EXT 2023"]
[Source "ChessBase"]
[SourceDate "2022.10.05"]
[SourceVersion "1"]
[SourceVersionDate "2022.10.05"]
[SourceQuality "1"]
[WhiteTeam "Netherlands"]
[BlackTeam "Iran"]
[WhiteTeamCountry "NED"]
[BlackTeamCountry "IRI"]

1. d4 Nf6 2. c4 e6 3. Nc3 Bb4 4. e3 O-O 5. Bd3 d5 6. a3 dxc4 7. Bxc4 Be7 8. b4 $146 ({RR} 8. Qe2 c5 9. dxc5 Bxc5 10. Nf3 Nc6 11. b4 Bd6 12. Bb2 a6 13. Bd3 Qe7 14. Rd1 Rd8 15. O-O Bd7 16. Bb1 h6 17. e4 Ne5 18. Nd4 Ng6 19. g3 Be5 20. Rd2 Be8 21. Rfd1 Rac8 22. f4 Bxd4+ {Khismatullin,D (2559)-Nogerbek,K (2480) Moscow RUS 2024 0-1 (42)}) ({RR} 8. Qe2 a6 9. Nf3 b5 10. Ba2 c5 11. dxc5 Bxc5 12. O-O Bb7 13. e4 Nbd7 14. e5 Bxf3 15. gxf3 Nh5 16. Rd1 Qc7 17. Ne4 Be7 18. f4 g6 19. Be3 Rad8 20. Rac1 Qb8 21. Nd6 Qa8 22. Rc7 Bxd6 {Maghsoodloo,P (2725)-Niemann,H (2703) Ankara TUR 2024 ½-½ (54)}) ({RR} 8. Qe2 a6 9. Nf3 Nbd7 10. e4 b5 11. Bd3 Bb7 12. h4 e5 13. dxe5 Ng4 14. Bf4 Bc5 15. O-O Re8 16. Rad1 Qc8 17. e6 fxe6 18. e5 Rf8 19. Bxh7+ Kh8 20. Bg3 Bxf3 21. gxf3 Nxf2 22. Bxf2 Bxf2+ {Deac,B (2674)-Akhmedov,D (2447) chess.com INT 2025 0-1 (34)}) 8... b6 9. Nf3 Bb7 10. O-O Nbd7 11. Bb2 a5 12. b5 Bd6 13. Nd2 e5 14. d5 Nc5 15. e4 Nfd7 16. Qc2 Qh4 17. Rae1 Rae8 18. Ne2 Bc8 19. Ng3 g6 20. Bc1 Nb7 21. Ba2 Kh8 22. Kh1 Bc5 23. Nb3 Bd6 24. Nd2 Qe7 25. Nc4 Bc5 26. f4 f6 27. f5 Nd6 28. a4 Rg8 29. Rf3 Bb4 30. Ref1 g5 31. Nb2 Nc5 32. Re3 Bd7 33. Nd3 Nxd3 34. Rxd3 Rc8 35. Rc3 Bxc3 36. Qxc3 h5 37. Qd3 h4 38. Ne2 Qh7 39. Nc3 g4 40. Nd1 Be8 41. Ne3 g3 42. h3 Bh5 43. Bb1 Rg7 44. Ba3 Qh6 45. Bc1 Qh7 46. Kg1 Kg8 47. Bc2 Rd8 48. Bd1 Bxd1 49. Nxd1 Qh5 50. Nc3 Kh8 51. Re1 Rdd7 52. Be3 Kh7 53. Qd1 Qxd1 54. Rxd1 Kg8 55. Kf1 Kf7 56. Ke2 Ke8 57. Kd3 Kd8 58. Rf1 Kc8 59. Bc1 Kb7 60. Nd1 Rg8 61. Ne3 Kc8 62. Nc4 Nf7 63. Be3 Kb7 64. Rc1 Rg7 65. Ke2 Rg8 66. Kf3 Rdd8 67. Ke2 Rd7 68. Kf3 Rdd8 69. Bd2 Rd7 70. Rc3 Rdd8 71. Rc2 Rd7 72. Rc1 Rdd8 73. Ke2 Rd7 74. Kd3 Rdd8 75. Be3 Rd7 76. Rc2 Rg7 77. Bc1 Rg8 1/2-1/2

[Event "FIDE World Cup"]
[Site "Tbilisi"]
[Date "2017.09.08"]
[Round "2.6"]
[White "Giri, Anish"]
[Black "Motylev, Alexander"]
[Result "1-0"]
[WhiteElo "2772"]
[BlackElo "2675"]
[PlyCount "63"]
[EventDate "2017.09.03"]
[EventType "k.o."]
[EventRounds "7"]
[EventCountry "GEO"]
[SourceTitle "CBM 181"]
[Source "ChessBase"]
[SourceDate "2017.11.10"]
[SourceVersion "1"]
[SourceVersionDate "2017.11.10"]
[SourceQuality "1"]

1. d4 d5 2. c4 e6 3. Nc3 Bb4 4. a3 Bxc3+ 5. bxc3 Nf6 6. cxd5 exd5 7. e3 O-O ({RR} 7... Bf5 8. Ne2 O-O 9. Ng3 Bg6 10. h4 h5 11. Bd3 c5 12. Bxg6 fxg6 13. f3 Nc6 14. Qd3 Kh7 15. O-O Rc8 16. Rb1 Na5 17. Ne2 c4 18. Qc2 Ng8 19. Nf4 Rxf4 20. exf4 Nh6 21. Be3 Nb3 22. Bf2 {Caruana,F (2796)-Anton Guijarro,D (2669) chess.com INT 2024 1-0 (64)}) ({RR} 7... Bf5 8. Ne2 O-O 9. Ng3 Bg6 10. Bd3 c5 11. O-O Nc6 12. f3 Re8 13. Ra2 Qa5 14. Bxg6 hxg6 15. Qd3 Rac8 16. Re2 Qa4 17. Bb2 Qb3 18. dxc5 Ne5 19. Qd4 Nc4 20. Bc1 Qb5 21. e4 dxe4 22. Nxe4 {Di Berardino,D (2457)-Anton Guijarro,D (2668) chess.com INT 2025 0-1 (46)}) 8. Bd3 Re8 9. Ne2 Nc6 $146 ({RR} 9... Bg4 10. f3 Bh5 11. Nf4 Nbd7 12. O-O Bg6 13. Nxg6 hxg6 14. c4 c6 15. Qc2 Rc8 16. e4 dxc4 17. Bxc4 Nb6 18. Bb2 Nxc4 19. Qxc4 Qc7 20. a4 Rcd8 21. a5 Kh7 22. Rfd1 Rh8 23. d5 Kg8 24. g3 {Rozhkov,D (1991)-Petrov,P (2125) Irkutsk 2008 ½-½ (55)}) ({RR} 9... Nbd7 10. O-O Nf8 11. f3 Ng6 12. Qe1 c5 13. Qf2 Qc7 14. Bd2 b6 15. Ng3 Bb7 16. Rae1 Rad8 17. h3 Qd6 18. Bc1 Re6 19. Re2 Bc6 20. Rfe1 Ba8 21. Nf5 Qc7 22. Bd2 Rde8 23. Ng3 Qd6 24. Bf5 {Taimanov,M-Abramov,L Leningrad 1950 1-0 (50)}) 10. O-O Na5 11. f3 c5 12. Ng3 h5 13. Rb1 b6 14. Kh1 Qc7 15. Qe1 c4 16. Bc2 Nb3 17. Qf2 Qe7 18. Re1 Nxc1 19. Rbxc1 Qxa3 20. h3 Kf8 21. e4 h4 22. Nf1 dxe4 23. fxe4 Bb7 24. Qxh4 Bxe4 25. Ng3 Bxc2 26. Qh8+ Ng8 27. Nh5 Re4 28. Qxg7+ Ke7 29. Rxe4+ Bxe4 30. Re1 Qxc3 31. Rxe4+ Kd6 32. Qe5+ 1-0

[Event "chess.com SpeedChess 2022"]
[Site "chess.com INT"]
[Date "2022.12.07"]
[Round "1.12"]
[White "Giri, A.."]
[Black "Nihal, Sarin"]
[Result "1-0"]
[WhiteElo "2764"]
[BlackElo "2670"]
[PlyCount "65"]
[EventDate "2022.11.23"]
[EventType "k.o."]

1. d4 Nf6 2. c4 e6 3. Nc3 Bb4 4. a3 Bxc3+ 5. bxc3 c5 6. f3 Nc6 7. e4 O-O 8. e5 Ne8 9. f4 b6 10. Nf3 Ba6 11. Bd3 f5 12. g4 $146 ({RR} 12. d5 Na5 13. d6 g6 14. Qe2 Ng7 15. Be3 Qc8 16. O-O Qc6 17. a4 Rae8 18. h3 Qa8 19. Ra2 Bb7 20. Qe1 Ba6 21. Nd2 Bb7 22. Qf2 Bc6 23. Kh2 Qd8 24. Qe1 Rf7 25. Nf3 Rff8 26. Bf2 Nh5 {Berkes,F (2666)-Azarov,S (2585) Skopje 2019 1-0 (41)}) 12... d5 13. gxf5 Rxf5 14. Bxf5 exf5 15. Rg1 Bxc4 16. Be3 Qe7 17. Bf2 h6 18. Bh4 Qf7 19. Kf2 Nc7 20. Rg3 Ne6 21. Qd2 cxd4 22. cxd4 Rc8 23. Rag1 Kh7 24. Qe3 Ba6 25. Bf6 gxf6 26. exf6 Re8 27. Qc3 Qxf6 28. Qxc6 Re7 29. Rg6 Qxg6 30. Rxg6 Kxg6 31. Qd6 Kf6 32. Qe5+ Kg6 33. Nh4+ 1-0

[Event "Olympiad-39"]
[Site "Khanty-Mansiysk"]
[Date "2010.09.28"]
[Round "7.3"]
[White "Giri, Anish"]
[Black "Quesada Perez, Yuniesky"]
[Result "1/2-1/2"]
[WhiteElo "2677"]
[BlackElo "2614"]
[PlyCount "192"]
[EventDate "2010.09.21"]
[EventType "team-swiss"]
[EventRounds "11"]
[EventCountry "RUS"]
[SourceTitle "CBM 139"]
[Source "ChessBase"]
[SourceDate "2010.11.18"]
[SourceVersion "1"]
[SourceVersionDate "2010.11.18"]
[SourceQuality "1"]
[WhiteTeam "Netherlands"]
[BlackTeam "Cuba"]
[WhiteTeamCountry "NED"]
[BlackTeamCountry "CUB"]

1. d4 Nf6 2. c4 e6 3. Nc3 Bb4 4. e3 O-O 5. Bd3 d5 6. Nf3 c5 7. O-O dxc4 8. Bxc4 Nbd7 9. a3 Ba5 10. Nb5 ({RR} 10. Bd2 cxd4 11. Nxd4 Ne5 12. Be2 Bd7 13. Qb3 Nc6 14. Nf3 Qe7 15. Rfd1 Rfd8 16. Be1 Be8 17. h3 h6 18. Rxd8 Rxd8 19. Rd1 Rxd1 20. Qxd1 Qd8 21. Qxd8 Bxd8 22. Kf1 Kf8 23. Bd3 Nd7 24. Ke2 Nde5 {Wang Yue (2654)-Liu,Y (2574) Qingdao CHN 2024 ½-½ (31)}) 10... cxd4 11. Nbxd4 ({RR} 11. Qxd4 Bb6 12. Qh4 Ne8 13. Qxd8 Bxd8 14. Bd2 a6 15. Nbd4 Nd6 16. Ba2 Ne4 17. Bb4 Re8 18. Rfd1 b6 19. Rac1 Bf6 20. h3 Ndc5 21. Nh2 a5 22. Be1 Ba6 23. Ng4 Be7 24. Ne5 Bf6 25. Ng4 Be7 {Aleksandrov,A (2659)-Adams,M (2740) Mallorca 2004 ½-½}) 11... Bb6 $146 ({RR} 11... e5 12. Nb5 e4 13. Nd2 Ne5 14. b4 Bb6 15. Bb2 Qe7 16. Qb3 a6 17. Nc3 Nxc4 18. Qxc4 Be6 19. Qe2 Bg4 20. Nd5 Nxd5 21. Qxg4 f5 22. Qd1 Rfd8 23. Qb3 Qf7 24. Rfd1 Rac8 25. Nf1 Nf6 26. Rxd8+ {Braun,A (2235)-Levin,F (2541) Altenkirchen 2001 1-0 (71)}) 12. Nb5 Qe7 13. b4 a6 14. Nbd4 Bc7 15. Qc2 Nb6 16. Bb3 e5 17. Nf5 Bxf5 18. Qxf5 e4 19. Nd4 Qe5 20. Qxe5 Bxe5 21. Bb2 Rac8 22. Rac1 Rxc1 23. Rxc1 Rc8 24. Rxc8+ Nxc8 25. f4 exf3 26. gxf3 Ne7 27. f4 Bc7 28. Kg2 Ne4 29. Ba2 Nd6 30. Kf3 Kf8 31. e4 Ke8 32. e5 Ndf5 33. Nxf5 Nxf5 34. Bd5 b6 35. Ke4 g6 36. Bc3 h6 37. Be1 Ne7 38. Bb7 a5 39. bxa5 bxa5 40. Bf2 Nf5 41. Ba6 Bd8 42. Bb5+ Kf8 43. Bd7 Be7 44. a4 Ng7 45. Be1 Bd8 46. Kd5 Ke7 47. Bg4 f5 48. exf6+ Kxf6 49. Bh4+ g5 50. fxg5+ hxg5 51. Be1 Nf5 52. Bc3+ Kg6 53. Bd2 Kf6 54. h3 Ng3 55. Be1 Nf1 56. Bc3+ Ke7 57. Bd4 Bc7 58. Be2 Ng3 59. Bg4 Nf1 60. Kc4 Bf4 61. Kd3 Bd6 62. Ke2 Ng3+ 63. Kf3 Nf1 64. Bf5 Ng3 65. Bc8 Bc7 66. Bf2 Nh5 67. Kg4 Nf6+ 68. Kf5 Nd5 69. Bb7 Nf4 70. Kg4 Kf6 71. Be3 Ne6 72. Bc8 Bf4 73. Bb6 Bc7 74. Bf2 Bf4 75. Bd7 Ke7 76. Bb5 Bd2 77. Kf5 Nf4 78. Bc5+ Kf7 79. Bf1 Kg7 80. Bd4+ Kh6 81. Kg4 Nd5 82. Bd3 Be3 83. Bb2 Bd2 84. Be4 Bc3 85. Bc1 Nf6+ 86. Kf5 Nxe4 87. Kxe4 Kh5 88. Kf5 Kh4 89. Bxg5+ Kxh3 90. Bd8 Be1 91. Bc7 Bb4 92. Kf4 Kh4 93. Kf5 Kh5 94. Bf4 Be1 95. Be3 Bb4 96. Bb6 Be1 1/2-1/2